| 000 | 00617nam a2200205Ii 4500 | ||
|---|---|---|---|
| 003 | JO-AjNU | ||
| 008 | 230606s9999||||xx |||||||||||||| ||und|| | ||
| 020 | _a81-8052-283-0/978-81-8052-283-3 | ||
| 040 |
_aJO-AjNU _beng _erda _cJO-AjNU |
||
| 041 | _aeng | ||
| 050 | 1 | 4 | _aHF5415.15.2009 |
| 100 | 3 |
_aSagar,Mahim/Deepali Singh/D.P.Agrawal/Achintya Gupta, _eauthor _91256 |
|
| 245 | 0 | 0 | _aBrand Management |
| 264 | 3 | 1 | _aNEW DELHI: Ane Book Pvt Ltd,2009 |
| 300 | _a214p | ||
| 336 |
_atext _btxt _2rdacontent |
||
| 337 |
_aunmediated _bn _2rdamedia |
||
| 338 |
_avolume _bnc _2rdacarrier |
||
| 650 | 4 |
_aBrand Management _91257 |
|
| 999 |
_aE662 _c662 _d662 |
||